| 000 | 00472nam a2200181Ia 4500 | ||
|---|---|---|---|
| 001 | 17784 | ||
| 005 | 20260306171542.0 | ||
| 008 | 260306s9999||||xx |||||||||||||| ||und|| | ||
| 041 | _aESP | ||
| 082 |
_a658.16 _bR78 |
||
| 100 |
_aRojas Graell, Joan _eAUT |
||
| 245 | 0 |
_aEl plan de viabilidad: _bguía práctica para su elaboración y negociación |
|
| 260 | _c2010 | ||
| 300 |
_a287 páginas : _c23 cm. |
||
| 650 | _aGEN | ||
| 654 | _aCAN | ||
| 942 |
_cLIB _dJUS _fJUS _2ddc _n |
||
| 999 |
_c17784 _d17784 |
||